Operating system concepts (Record no. 4233)

000 -LEADER
fixed length control field 00613 a2200205 4500
020 ## - INTERNATIONAL STANDARD BOOK NUMBER
International Standard Book Number 0-471-69466-5
040 ## - CATALOGING SOURCE
Original cataloging agency DLC
Language of cataloging DLC
082 0# - DEWEY DECIMAL CLASSIFICATION NUMBER
Classification number 005.43
100 1# - MAIN ENTRY--PERSONAL NAME
Personal name Silberschatz, Abraham
245 00 - TITLE STATEMENT
Title Operating system concepts
Statement of responsibility, etc. Abraham Silberschatz, Peter Baer Galvin, Greg Gagne
250 ## - EDITION STATEMENT
Edition statement 7. ed.
260 ## - PUBLICATION, DISTRIBUTION, ETC.
Place of publication, distribution, etc. New York :
Name of publisher, distributor, etc. Wiley,
Date of publication, distribution, etc. cop. 2005
300 ## - PHYSICAL DESCRIPTION
Extent xxii, 921 s. :
Other physical details ill.
650 #7 - SUBJECT ADDED ENTRY--TOPICAL TERM
Topical term or geographic name entry element Operating systems (Computers)
650 #7 - SUBJECT ADDED ENTRY--TOPICAL TERM
Topical term or geographic name entry element Operating systems (Computers)
650 #7 - SUBJECT ADDED ENTRY--TOPICAL TERM
Topical term or geographic name entry element Computer operating systems
700 1# - ADDED ENTRY--PERSONAL NAME
Personal name Galvin, Peter Baer
Relator code aut
700 1# - ADDED ENTRY--PERSONAL NAME
Personal name Gagne, Greg
Relator code aut
942 ## - ADDED ENTRY ELEMENTS (KOHA)
Koha item type Book
Call number prefix 005.43 SIL
Source of classification or shelving scheme
Holdings
Withdrawn status Lost status Damaged status Not for loan Collection code Permanent Location Current Location Shelving location Date acquired Source of acquisition Cost, normal purchase price Total Checkouts Total Renewals Full call number Barcode Date last seen Date last checked out Price effective from Koha item type Source of classification or shelving scheme
          Central Library (CL) Central Library (CL) First Floor - Operating System/ Data Structure 05/31/2006 Academic Book Company 4153.88 9 7 005.43 SIL SEECS007386 01/26/2026 12/15/2025 01/05/2017 Book  
          Central Library (CL) Central Library (CL) First Floor - Operating System/ Data Structure 05/31/2006 Academic Book Company 4153.88 8 2 005.43 SIL SEECS007389 01/02/2026 11/18/2025 01/05/2017 Book  
          Central Library (CL) Central Library (CL) First Floor - Operating System/ Data Structure 12/18/2000     8 2 005.43 SIL SEECS000608 05/24/2024 11/22/2021 01/05/2017 Book  
          Central Library (CL) Central Library (CL)   03/18/2024         005.43 QRCODE-7386 03/18/2024   03/18/2024 Book  
© 2023 Central Library, National University of Sciences and Technology. All Rights Reserved.